| 000 | 01191nam a2200205Ii 4500 | ||
|---|---|---|---|
| 003 | JO-AjNU | ||
| 008 | 230605s9999||||xx |||||||||||||| ||und|| | ||
| 017 | _a2015/3/892 | ||
| 040 |
_aJO-AjNU _bara _erda _cJO-AjNU |
||
| 041 | _aara | ||
| 050 | 1 | 4 | _aDS154.55.M342 2015 |
| 100 | 3 |
_aالحسين بن طلال، ملك الأردن، 1952 - 1999؛ اشراف الديوان الملكي الهاشمي؛ إعداد وتحرير بكر خازر المجالي؛ المتابعة والتنسيق منتهى قبلان العبداللات، المتابعة والتنسيق جنان زكي أبو زياد, _eauthor _953367 |
|
| 245 | 0 | 0 | _aخطب العرش السامي لصاحب الجلالة الهاشمية المغفورالملك الحسين بن طلال طيب الله ثراه 1388-1419هجري/1968-1998م، الجزء الثاني |
| 264 | 3 | 1 | _aعمان: الديوان الملكي العامر، 2015 |
| 300 | _aج2، 272ص | ||
| 336 |
_atext _btxt _2rdacontent |
||
| 337 |
_aunmediated _bn _2rdamedia |
||
| 338 |
_avolume _bnc _2rdacarrier |
||
| 650 | 4 |
_aالاردن - تاريخ -صاحب الجلالة الهاشمية الحسين بن طلال - خطابات _953368 |
|
| 999 |
_aA23696 _c27264 _d27264 |
||